| 000 | 01227 a2200241 4500 | ||
|---|---|---|---|
| 003 | OSt | ||
| 005 | 20180116182831.0 | ||
| 008 | 161124b xxu||||| |||| 00| 0 eng d | ||
| 020 | _a0471940461 (paperback) | ||
| 020 | _a9780471940463 (paperback) | ||
| 040 | _c0 | ||
| 082 | 0 | 4 | _a658.3112 COO 1990 |
| 100 | 1 | _aCook, Mark. | |
| 245 | 1 | 0 |
_aPersonnel selection and productivity / _cMark Cook. |
| 250 | _a2nd ed. | ||
| 260 |
_a[S.l.] : _bJohn Wiley & Sons, _c1994. |
||
| 300 |
_a306 p. ; _c23 cm. _bPB. |
||
| 440 | _aPersonnel selection and productivity | ||
| 500 | _aPB. | ||
| 520 | _aThis updated edition covers the latest research on selection methods. All of the major methods are reviewed: interview, references and ratings, biodata, ability tests, personality assessments, assessment centres and miscellaneous methods such as work samples, in-tray tests, tests of physical strength and others. Technical issues of validity and criteria are also fully covered, as is the role of the law in selection. Finally, the author discusses in detail the latest developments in the field. | ||
| 856 | 4 | 0 |
_3Amazon.com _uhttp://www.amazon.com/exec/obidos/ASIN/0471940461/chopaconline-20 |
| 942 |
_aNBS _cBK _k658.3112 COO 1990 _2ddc |
||
| 999 |
_c346885 _d346885 |
||